000 00448pab a2200181 454500
008 180718b2017 xxu||||| |||| 00| 0 eng d
100 _aVelanganni, S.
245 _aAgriculture profile of the farmers in Theni dist
260 _c2017
300 _ap.46-54.
362 _aFeb
650 _aAgriculture
650 _aFarmers
700 _aAnitha, D. Jeba Selvi
700 _aBarween, M. Akina
773 _aThird Concept
909 _a114015
999 _c114009
_d114009